| 000 | 00370nam a2200145Ia 4500 | ||
|---|---|---|---|
| 008 | 230917s9999||||xx |||||||||||||| ||und|| | ||
| 040 |
_e59009 _aMAIN |
||
| 041 | _aEnglish | ||
| 082 | _a297 K143I | ||
| 100 | _aKarandikar, M A | ||
| 245 | 0 | _aIslam in India's transition to modernity | |
| 260 |
_aBombay _bOrient Longmans _c1969 |
||
| 300 | _axix, 414 p. | ||
| 942 | _cBK | ||
| 999 |
_c112539 _d112539 |
||